000 00289nam a2200109Ia 4500
008 200302s9999 xx 000 0 und d
100 _aVincent Powell-Smith
245 _aBuilding Contracts Compared and Tabulated
260 _bThe Architectural Press Ltd.
260 _c1986
300 _a286 P.,
999 _c757
_d757